Score 0/25 Timer 05:00
3 Plays Today
Question Answer % Correct
What did Jack break after he and Jill fell down the hill?his crown
88.5%
What object did Jack jump over so nimbly and quickly?a candlestick
85.5%
What time did the mouse run down the clock?one o'clock
83.3%
What was Little Miss Muffet eating? {2 words}curds and whey
81.8%
What did Little Jack Horner pull out of his pie?a plum
78.1%
What did Georgie Peorgie do that made the girls cry?kissed them
70.2%
In Sing a Song of Sixpence, how many blackbirds were baked in that pie?four and twenty
69.1%
Who could eat no lean?Jack Sprat's wife
63.4%
When the cow jumped over the moon, who laughed at that?the little dog
62%
Who cut off the tails of the Three Blind Mice?the farmer's wife
61.8%
How old is the pease porridge* that is in the pot? nine days old
52.3%
What was Wee Willie Winkie wearing as he ran around?a nightgown
52.2%
Where were Little Boy Blue's sheep?in the meadow
51.1%
Question Answer % Correct
Along with silver bells and cockle shells, what else was in Mary Contrary's garden?pretty maids
48.9%
Where was Simple Simon going when he met the pieman?to the fair
48.9%
Who did Pussycat visit when she went to London?the Queen
47.4%
What did Tom, the piper's son, steal?a pig
40.7%
What was Little Bo Peep advised to do when she lost her sheep?leave them alone
39%
What were on the toes of the fine lady on the white horse at Banbury Cross?bells
38%
When the Three Little Kittens lost their mittens, what did their mother deny them?pie
35.2%
In addition with his fiddlers, what other things did Old King Cole call for? {2 things}pipe and bowl
32.5%
What did the Old Woman Who Lived in a Shoe give her children for dinner?broth
20.6%
What did the crooked man find on the crooked stile?a crooked sixpence
19.9%
What was Little Tommy Tucker given to eat? {2 things} brown bread and butter
15.2%
What item lay in the house that Jack built?malt
6.9%

You're not logged in!

Compare scores with friends on all Sporcle quizzes.
OR
Log In

Sporcle TV

Today on Sporcle TV


Watch our educational content, quiz creation guides, and fun videos on Sporcle TV.

Show Comments

Extras

Top Quizzes Today


Score Distribution

Paid Content

Your Account Isn't Verified!

In order to create a playlist on Sporcle, you need to verify the email address you used during registration. Go to your Sporcle Settings to finish the process.

Report this User

Report this user for behavior that violates our Community Guidelines.

Details: